00964nas a2200229Ia 4500001001100000003000900011008004100020040001300061040001300074041001300087100004400100210002000144222002000164245013500184250001100319260002900330501008600359300001700445362003600462500020000498650003600698R012/42607IT-RoPAU151124c99999999xx |||||||||||| ||und|| aIT-RoPAU cIT-RoPAU aITALIANO aPretto MatteogCodice Aut. SPICS: 21381 aCINEMA & CINEMA aCinema & Cinema aCINEMA & CINEMA, ANNO 13-N.46 (SETTEMBRE 1986)bFiligrana di Proust (La)-Conversazione Tra Luchino Visconti E Ennio Flaiano (1969) a1a ed. aMILANObINTRAPRESAc1986 bPaulus - SPICS - Società San Paolo EM (non-commercial uses only)cCopyright2015 a5 p. [19-23] aANNO 013, N.46 (SETTEMBRE 1986) aMemoria del Cinema. Conversazione su Uno Scritto di Proust la Recherche. in Vista di un Eventuale Film. Conseguente Sceneggiatura di Flaiano. Conclusione il Film di Schlondorff un Amore di Swann. aCINEMAvPUBBLICAZIONE PERIODICA